| 000 | 00372nam a2200133Ia 4500 | ||
|---|---|---|---|
| 008 | 231129s9999||||xx |||||||||||||| ||spa|| | ||
| 020 | _a958-17-0003-X | ||
| 040 | _bspa | ||
| 082 | _aCo864 M828p | ||
| 100 | _aMorales Benitez Otto | ||
| 245 | 0 | _aPerfiles literarios de Antioquia | |
| 264 | _aUniversidad Nacional | ||
| 942 |
_2ddc _cBKS |
||
| 999 |
_c22684 _d22684 |
||